Loading...
| Beliefs | 3 | 2 | 0 | 0 | 65 | 22 | 70.60 | 2 | 5 | 0.00 | 0.00 |
| Philosophy | 0 | 3 | 0 | 1 | 30 | 91 | 105.67 | 1 | 3 | 0.00 | 0.00 |
| Other Science: Earth Science | 1 | 1 | 0 | 0 | 25 | 62 | 71.00 | 1 | 2 | 0.00 | 0.00 |
| Fine Arts - Visual | 1 | 1 | 0 | 0 | 25 | 47 | 72.00 | 1 | 2 | 0.00 | 0.00 |
| History - European | 0 | 2 | 0 | 1 | 20 | 112 | 120.00 | 0 | 2 | 0.00 | 0.00 |
| Science - Physics | 1 | 1 | 1 | 1 | 20 | 52 | 82.50 | 0 | 2 | 0.00 | 0.00 |
| Social Science | 0 | 2 | 0 | 1 | 20 | 69 | 81.50 | 1 | 2 | 0.00 | 0.00 |
| History - American | 1 | 0 | 0 | 0 | 15 | 10 | 10.00 | 1 | 1 | 0.00 | 0.00 |
| History - World | 1 | 0 | 0 | 0 | 15 | 58 | 58.00 | 1 | 1 | 0.00 | 0.00 |
| Literature - American | 1 | 0 | 0 | 0 | 15 | 60 | 60.00 | 1 | 1 | 0.00 | 0.00 |
| 1 | 0 | 1 | 0 | 10 | 41 | 41.00 | 1 | 1 | 0.00 | 0.00 | |
| Other Arts: Visual | 0 | 1 | 0 | 0 | 10 | 78 | 78.00 | 1 | 1 | 0.00 | 0.00 |
| Literature - European | 0 | 1 | 1 | 0 | 5 | 118 | 118.00 | 1 | 1 | 0.00 | 0.00 |
| Geography | 0 | 1 | 1 | 1 | 5 | 149 | 149.00 | 1 | 1 | 0.00 | 0.00 |
| Fine Arts - Auditory | 0 | 0 | 1 | 0 | -5 | 0.00 | 0 | 0 | 0.00 | 0.00 | |
| Literature - British | 0 | 0 | 1 | 0 | -5 | 0.00 | 0 | 0 | 0.00 | 0.00 | |
| Religion | 0 | 0 | 1 | 0 | -5 | 0.00 | 0 | 0 | 0.00 | 0.00 | |
| Other Academic | 0 | 0 | 1 | 0 | -5 | 0.00 | 0 | 0 | 0.00 | 0.00 | |
| Other Arts: Auditory | 0 | 0 | 2 | 0 | -10 | 0.00 | 0 | 0 | 0.00 | 0.00 |